| 000 | 00776am a2200265a 44500 | ||
|---|---|---|---|
| 003 | AR-BaBNM | ||
| 005 | 20251128211009.0 | ||
| 008 | 200603s2001 Arg|||||||||||000 | esp|| | ||
| 020 | _a987-20136-0-8 | ||
| 040 | _cAR-BaBNM | ||
| 100 | 1 | _aFernández, Mauro A. | |
| 245 | 1 | 0 | _aUn siglo de vida parroquial en el barrio Parque Chacabuco |
| 260 |
_aBuenos Aires _bJunta de estudios históricos del barrio Parque Chacabuco _c2001 |
||
| 300 |
_a158 p. _bil. |
||
| 610 | 2 | 4 | _aIGLESIA CATOLICA |
| 650 | 4 | _aARQUITECTURA | |
| 650 | 4 | _aHISTORIA DE BUENOS AIRES | |
| 650 | 4 | _aCOSTUMBRES Y TRADICIONES | |
| 650 | 4 | _aIGLESIA CATOLICA | |
| 650 | 4 | _aHISTORIA DE LA IGLESIA | |
| 650 | 4 | _aBARRIOS | |
| 651 | 4 | _aBuenos Aires [Capital Federal] | |
| 942 | _cBK | ||
| 998 | _cmariana | ||
| 999 |
_c17808 _d17808 |
||